Tres mundos = Trois mondes /

I tiakina i:
Ngā taipitopito rārangi puna kōrero
Kaituhi matua: Corsini, Catherine (realización)
Ētahi atu kaituhi: Personnaz, Raphaël (actuación) (actuación), Hesme, Clotilde (actuación) (actuación), Dobroshi, Arta (actuación) (actuación)
Hōputu: Reti
Reo:Wīwī
I whakaputaina: México : Zatmeni [distribución], copyright fecha no identificada
Rangatū:(Collector's Edition ZD)
Ngā marau:
Ngā Tūtohu: Tāpirihia he Tūtohu
Kāore He Tūtohu, Me noho koe te mea tuatahi ki te tūtohu i tēnei pūkete!

MARC

LEADER 00000ngm^a2200000^a^4500
001 000374602
005 20250521000000.0
009 20260310120142.871
037 |a Acervo ITESO - Biblioteca 
041 |a FRA 
082 |a 840.  |b COR 
100 |a Corsini, Catherine  |e (realización) 
245 1 0 |a Tres mundos =  |b Trois mondes /  |c Realización de C. Corsini. 
264 4 |a México :  |b Zatmeni [distribución],  |c copyright fecha no identificada 
300 |a 1 DVD regiones 1 y 4  |c (101 min.) 
336 |a imagen móvil bidimensional  |b tdi  |2 rdacontenido 
337 |a video  |b v  |2 rdamedio 
338 |a videodisco  |b vd  |2 rdasoporte 
440 1 |a (Collector's Edition ZD) 
546 |a En francés, con subtítulos opcionales: español 
649 |a XX 
650 |a Fugitivos en el Cine 
650 |a Delincuentes en el Cine 
650 |a Testigos en el Cine 
650 |a Migrantes Moldavos -  |z Francia -  |x Condiciones Sociales y Culturales 
650 |a Migrantes -  |z Francia -  |x Condiciones Sociales y Culturales 
650 |a Dramas Cinematográficos 
650 |a Cine de Mujeres -  |z Francia 
650 |a Cine Francés -  |y 2010-2019 
650 |a Cine Francés -  |y Siglo XXI 
650 |a Movilidad Social 
650 |a Estatus Social 
650 |a Lavado de Dinero 
650 |a Accidentes de Tránsito 
650 |a Homicidio 
650 |a Culpa (Derecho) 
650 |a Culpa 
650 |a Responsabilidad Penal 
650 |a Investigación del Delito 
650 |a Migración Ilegal -  |z Francia-Moldavia 
650 |a Migración -  |z Francia-Moldavia 
700 |a Personnaz, Raphaël  |e (actuación) 
700 |a Hesme, Clotilde  |e (actuación) 
700 |a Dobroshi, Arta  |e (actuación) 
910 |a Fondo General 
920 |a Audiovisuales - DVDs 
940 |a Películas 
905 |a 302 
901 |a 0500268799  |b IT2  |c DVS  |i C150300  |u 20250521 
902 |a https://opac.biblio.iteso.mx/vufind/Record/000374602